=LDR 00000nam 2200000 4500 =001 NUTBA000000000005246 =005 20141027110132.0 =006 =007 =008 =020 ##$$a 979-514-547-9 =035 ##$$a 0010-101400000000476 =040 ##$$a NBPDMAT =082 ##$$a 930 =090 ##$$a 930 Tim p =100 ##$$a Tim Penulis Rosda =245 ##$$a Pra sejarah$cTim Penulis Rosda. -- =250 ##$$a Cet.1 =260 ##$$a Bandung$cRemaja Rosda Karya$c2009 =300 ##$$a viii, 52 hlm$bilus$c28 cm =500 ##$$a Bibliografi hlm : 52 =650 ##$$a Sejarah Kuno - Prasejarah =850 ##$$a NBPDMAT